Logo CIB grande

MAQUINAS ELECTRICAS: TRANSFORMADORES Y CONTROLES (Registro nro. 193223)

Detalles MARC
000 -LEADER
campo de control de longitud fija 00856nam a2200277Ia 4500
005 - FECHA Y HORA DE LA ÚLTIMA TRANSACCIÓN
campo de control 20250425160637.0
008 - DATOS DE LONGITUD FIJA--INFORMACIÓN GENERAL
campo de control de longitud fija 250425s9999 xx 000 0 und d
020 ## - NÚMERO INTERNACIONAL ESTÁNDAR DEL LIBRO
Número Internacional Estándar del Libro 0135559790
041 ## - CÓDIGO DE IDIOMA
Código de lengua del texto/banda sonora o título independiente spa
082 ## - NÚMERO DE LA CLASIFICACIÓN DECIMAL DEWEY
Número de clasificación 621.31042
010 ## - NÚMERO DE CONTROL DE LA BIBLIOTECA DEL CONGRESO
Número de control de LC 1040
100 ## - ENTRADA PRINCIPAL--NOMBRE DE PERSONA
Nombre de persona GINGRICH, HAROLD W.
245 #0 - MENCIÓN DEL TÍTULO
Título MAQUINAS ELECTRICAS: TRANSFORMADORES Y CONTROLES
250 ## - MENCION DE EDICION
Mención de edición 1A ED.
260 ## - PUBLICACIÓN, DISTRIBUCIÓN, ETC.
Lugar de publicación, distribución, etc. MEXICO
260 ## - PUBLICACIÓN, DISTRIBUCIÓN, ETC.
Lugar de publicación, distribución, etc. México
Nombre del editor, distribuidor, etc. PRENTICE-HALL
Fecha de publicación, distribución, etc. 1980
300 ## - DESCRIPCIÓN FÍSICA
Extensión 365
500 ## - NOTA GENERAL
Nota general 27416 a 27420 (c.1/C.5) s/28500 c/u EDIC. BIBL. 28.FEB.94 COMPRA.Consultar 39156, D-24321 en BIBTEC.
500 ## - NOTA GENERAL
Nota general Título Traducido: ELECTRICAL MACHINERY, TRANSFORMERS AND CONTROL
650 ## - PUNTO DE ACCESO ADICIONAL DE MATERIA--TÉRMINO DE MATERIA
Término de materia o nombre geográfico como elemento de entrada MAQUINARIA ELECTRICA
650 ## - PUNTO DE ACCESO ADICIONAL DE MATERIA--TÉRMINO DE MATERIA
Término de materia o nombre geográfico como elemento de entrada MOTORES DE CORRIENTE CONTINUA
650 ## - PUNTO DE ACCESO ADICIONAL DE MATERIA--TÉRMINO DE MATERIA
Término de materia o nombre geográfico como elemento de entrada MOTORES MONOFASICOS
650 ## - PUNTO DE ACCESO ADICIONAL DE MATERIA--TÉRMINO DE MATERIA
Término de materia o nombre geográfico como elemento de entrada REGULADORES ELECTRICOS
650 ## - PUNTO DE ACCESO ADICIONAL DE MATERIA--TÉRMINO DE MATERIA
Término de materia o nombre geográfico como elemento de entrada TRANSFORMADORES
942 ## - ELEMENTOS DE ENTRADA SECUNDARIOS (KOHA)
Tipo de ítem Koha Libros
Existencias
Estatus retirado Estado de pérdida Estado de daño No para préstamo Biblioteca de origen Biblioteca actual Fecha de adquisición Coste, precio normal de compra Total de préstamos Código de barras Copia número
        FACULTAD DE INGENIERIA MECANICA Y CIENCIAS DE LA PRODUCCION FACULTAD DE INGENIERIA MECANICA Y CIENCIAS DE LA PRODUCCION 29/10/2003 3.00   D-28940 8
        FACULTAD DE INGENIERIA MECANICA Y CIENCIAS DE LA PRODUCCION FACULTAD DE INGENIERIA MECANICA Y CIENCIAS DE LA PRODUCCION 31/05/2010 10.00   D-79021 9

Copyright 2025 ESPOL. Todos los derechos reservados.